[Event "Rakovnik Regional-chT 1415"]
[Site "Rakovnik"]
[Date "2015.01.04"]
[Round "5.7"]
[White "Havlik, Frantisek"]
[Black "Hochman, Jan"]
[Result "1-0"]
[WhiteElo "1974"]
[BlackElo "1638"]
[PlyCount "57"]
[EventDate "2014.10.19"]
[EventType "team-tourn"]
[EventRounds "11"]
[EventCountry "CZE"]
[SourceTitle "EXT 2016"]
[Source "ChessBase"]
[SourceDate "2015.10.08"]
[SourceVersion "1"]
[SourceVersionDate "2015.10.08"]
[SourceQuality "1"]
[WhiteTeam "Ricany II"]
[BlackTeam "Pribram Pyrit"]
[WhiteTeamCountry "CZE"]
[BlackTeamCountry "CZE"]

1. e4 e6 2. Qe2 Be7 3. g3 d5 4. d3 Nf6 5. Bg2 0-0 6. f4 dxe4 7. dxe4 Nc6 8. c3 e5 9. f5 Nd7 10. Nh3 Nc5 11. Nf2 a5 12. 0-0 Bg5 13. Na3 b6 14. Rd1 Qe7 15. Bxg5 Qxg5 16. Nc2 Ba6 17. Qf3 Rfd8 18. Ne3 Ne7 19. h4 Qh6 20. Nfg4 Qc6 21. Nxe5 Qe8 22. f6 Ng6 23. Nxg6 hxg6 24. Nd5 Ne6 25. fxg7 Kxg7 26. h5 Qf8 27. Qf6+ Kh6 28. hxg6 Qg7 29. Qh4+ 1-0

[Event "Hrdonov op"]
[Site "Hrdonov"]
[Date "2012.10.23"]
[Round "4"]
[White "Portes, Pavel"]
[Black "Hochman, Jan"]
[Result "1/2-1/2"]
[WhiteElo "1612"]
[BlackElo "1638"]
[PlyCount "47"]
[EventDate "2012.10.20"]
[EventType "swiss"]
[EventRounds "9"]
[EventCountry "CZE"]
[SourceTitle "CBM 151 Extra"]
[Source "ChessBase"]
[SourceDate "2012.12.18"]
[SourceVersion "1"]
[SourceVersionDate "2012.12.18"]
[SourceQuality "1"]

1. e4 e6 2. d4 d5 3. exd5 exd5 4. Bd3 Bd6 5. Nf3 Ne7 6. Be3 c6 7. c3 Bf5 8. Bxf5 Nxf5 9. Qd3 Ne7 10. Nbd2 0-0 11. 0-0 Ng6 12. Qf5 Na6 13. Nb3 Nc7 14. g3 b6 15. h4 f6 16. Rae1 Re8 17. Bd2 Qc8 18. Rxe8+ Qxe8 19. Re1 Qf7 20. Kg2 Re8 21. Rxe8+ Qxe8 22. Be3 Qe6 23. Qxe6+ Nxe6 24. Nbd2 1/2-1/2

[Event "CZE Czechia-ch U14"]
[Site "Harrachov"]
[Date "2009.10.27"]
[Round "4"]
[White "Hochman, Jan"]
[Black "Broz, Jiri"]
[Result "0-1"]
[WhiteElo "1540"]
[BlackElo "1751"]
[PlyCount "34"]
[EventDate "2009.10.24"]
[EventType "swiss"]
[EventRounds "9"]
[EventCountry "CZE"]
[SourceTitle "EXT 2012"]
[Source "ChessBase"]
[SourceDate "2011.11.24"]
[SourceVersion "1"]
[SourceVersionDate "2011.11.24"]
[SourceQuality "1"]

1. d4 d5 2. c4 c6 3. Nc3 Nf6 4. Bg5 e6 5. e3 Nbd7 6. Nf3 Bd6 7. c5 Bc7 8. b4 0-0 9. Be2 e5 10. dxe5 Nxe5 11. Qd4 Re8 12. h3 Nxf3+ 13. Bxf3 Be5 14. Qd2 d4 15. Rd1 Bf5 16. Qc1 Qc7 17. exd4 Bf4+ 0-1

[Event "Czechia KP-chTA 0607"]
[Site "Czech Republic"]
[Date "2007.02.18"]
[Round "8.2"]
[White "Hadzala, Daniel"]
[Black "Hochman, Jan"]
[Result "1-0"]
[WhiteElo "2141"]
[BlackElo "1752"]
[PlyCount "93"]
[EventDate "2006.10.29"]
[EventType "team"]
[EventRounds "11"]
[EventCountry "CZE"]
[SourceTitle "EXT 2008"]
[Source "ChessBase"]
[SourceDate "2007.11.25"]
[SourceVersion "1"]
[SourceVersionDate "2007.11.25"]
[SourceQuality "1"]
[WhiteTeam "Zebrak"]
[BlackTeam "Kladno II"]
[WhiteTeamCountry "CZE"]
[BlackTeamCountry "CZE"]

1. d4 d5 2. c4 c6 3. Nf3 Nf6 4. g3 Bf5 5. Nc3 e6 6. Bg2 Nbd7 7. 0-0 Bd6 8. b3 0-0 9. Bb2 Ne4 10. Nh4 Nxc3 11. Bxc3 Bg6 12. Nxg6 hxg6 13. Qc2 Nf6 14. c5 Bc7 15. f3 Qe7 16. Qb2 Rfe8 17. Rfe1 e5 18. e3 exd4 19. exd4 Qd7 20. Qc2 Kf8 21. Bf1 Rxe1 22. Rxe1 Re8 23. Rxe8+ Qxe8 24. Bd2 Qe6 25. b4 a6 26. a4 Qf5 27. Qxf5 gxf5 28. Bd3 g6 29. Kf2 Ke7 30. Bg5 Ke6 31. Ke3 Nh5 32. g4 fxg4 33. fxg4 Nf6 34. h3 Bh2 35. Kf3 Bg1 36. Be3 Bh2 37. h4 Ke7 38. Bf1 Ne4 39. h5 gxh5 40. gxh5 Ng3 41. h6 Kf8 42. Bh3 Ne4 43. Bc8 Nc3 44. Bxb7 Nxa4 45. Bxc6 Nc3 46. Bf4 Bg1 47. Be5 1-0

[Event "Czechia KP-chTA 0607"]
[Site "Czech Republic"]
[Date "2007.02.04"]
[Round "7.2"]
[White "Jandourek, Lukas"]
[Black "Hochman, Jan"]
[Result "1-0"]
[WhiteElo "2249"]
[BlackElo "1752"]
[PlyCount "59"]
[EventDate "2006.10.29"]
[EventType "team"]
[EventRounds "11"]
[EventCountry "CZE"]
[SourceTitle "EXT 2008"]
[Source "ChessBase"]
[SourceDate "2007.11.25"]
[SourceVersion "1"]
[SourceVersionDate "2007.11.25"]
[SourceQuality "1"]
[WhiteTeam "Tisice"]
[BlackTeam "Kladno II"]
[WhiteTeamCountry "CZE"]
[BlackTeamCountry "CZE"]

1. e4 c6 2. d4 d5 3. exd5 cxd5 4. Bd3 Nc6 5. c3 Nf6 6. Bf4 Bg4 7. Qb3 Qc8 8. Nd2 e6 9. Ngf3 Be7 10. 0-0 0-0 11. Ne5 Bh5 12. Qc2 Bg6 13. Nxg6 hxg6 14. Rae1 Qd8 15. Nf3 Rc8 16. Qe2 Nh5 17. Bc1 Bd6 18. Bxg6 Nf4 19. Bxf4 Bxf4 20. Bb1 Na5 21. Ne5 Nc4 22. Qh5 Bh6 23. f4 Nd2 24. Ng4 Nxb1 25. Rxb1 Kh7 26. Rbe1 Qe8 27. f5 Rh8 28. fxe6 fxe6 29. Rf7 Kg8 30. Nf6+ 1-0

[Event "CZE-chT3A Middle 0506  "]
[Site "Czech Republic"]
[Date "2006.02.05"]
[Round "7.4"]
[White "Hochman, Jan"]
[Black "Obrazek, Karel"]
[Result "0-1"]
[WhiteElo "1713"]
[BlackElo "1863"]
[PlyCount "104"]
[EventDate "2005.10.30"]
[EventType "team"]
[EventRounds "11"]
[EventCountry "CZE"]
[SourceTitle "EXT 2009"]
[Source "ChessBase"]
[SourceDate "2008.11.26"]
[SourceVersion "1"]
[SourceVersionDate "2008.11.26"]
[SourceQuality "1"]

1. d4 Nf6 2. c4 g6 3. Nc3 Bg7 4. Nf3 0-0 5. g3 d5 6. cxd5 Nxd5 7. Bg2 Nxc3 8. bxc3 c5 9. 0-0 Nc6 10. e3 Qa5 11. Qb3 Rb8 12. Ba3 c4 13. Qb2 Bf5 14. Nd2 Bd3 15. Rfd1 Rfe8 16. Nb3 Qf5 17. Nc5 Na5 18. Bb4 b6 19. e4 Qc8 20. Nxd3 cxd3 21. Bxa5 bxa5 22. Qd2 Qc4 23. Bf1 Rec8 24. Rac1 h5 25. Bxd3 Qa4 26. Rb1 Rb6 27. Rxb6 axb6 28. Rb1 Qc6 29. d5 Qd6 30. c4 Bd4 31. Kf1 h4 32. Qe2 hxg3 33. hxg3 Kg7 34. Kg2 Rh8 35. Rh1 Rxh1 36. Kxh1 Qa3 37. Qc2 Bxf2 38. Kg2 Bd4 39. Qe2 Qc1 40. Qf1 Qe3 41. g4 g5 42. Qe2 Qg1+ 43. Kf3 Kf6 44. Qf1 Qh2 45. Bb1 Qf4+ 46. Kg2 Ke5 47. Qe2 f6 48. Bc2 Kd6 49. Bb1 Kc5 50. Bd3 Be5 51. Bb1 Qh2+ 52. Kf3 Qg3# 0-1

[Event "CZE-chT3A Middle 0506  "]
[Site "Czech Republic"]
[Date "2006.01.22"]
[Round "6.5"]
[White "Hochman, Jan"]
[Black "Kabat, Josef"]
[Result "0-1"]
[WhiteElo "1713"]
[BlackElo "1853"]
[PlyCount "88"]
[EventDate "2005.10.30"]
[EventType "team"]
[EventRounds "11"]
[EventCountry "CZE"]
[SourceTitle "EXT 2009"]
[Source "ChessBase"]
[SourceDate "2008.11.26"]
[SourceVersion "1"]
[SourceVersionDate "2008.11.26"]
[SourceQuality "1"]

1. d4 d5 2. c4 e6 3. Nc3 Nf6 4. cxd5 exd5 5. Bg5 c6 6. e3 Bf5 7. Qb3 b6 8. Nf3 Be7 9. Ne5 Nfd7 10. Bxe7 Qxe7 11. Bd3 Nxe5 12. Bxf5 Nc4 13. Nd1 0-0 14. Qc3 c5 15. 0-0 Qf6 16. Bd3 cxd4 17. exd4 Nc6 18. Bxc4 dxc4 19. d5 Qxc3 20. Nxc3 Nb4 21. Rad1 Rad8 22. Rfe1 Rfe8 23. Rxe8+ Rxe8 24. b3 cxb3 25. axb3 Kf8 26. Kf1 a6 27. Rd2 b5 28. Na2 Nxa2 29. Rxa2 Ra8 30. b4 Ke7 31. Ke2 Kd6 32. Rd2 a5 33. bxa5 Rxa5 34. Ke3 b4 35. Rd4 Rb5 36. Ke4 b3 37. Rd1 f5+ 38. Ke3 b2 39. Rb1 Kxd5 40. Kd3 g5 41. f3 Rb3+ 42. Kd2 Kd4 43. Kc2 Kc4 44. g4 f4 0-1

[Event "CZE-chT3A Middle 0506  "]
[Site "Czech Republic"]
[Date "2006.01.08"]
[Round "5.4"]
[White "Hochman, Jan"]
[Black "Pechoc, Bohumil"]
[Result "1/2-1/2"]
[WhiteElo "1713"]
[BlackElo "1984"]
[PlyCount "48"]
[EventDate "2005.10.30"]
[EventType "team"]
[EventRounds "11"]
[EventCountry "CZE"]
[SourceTitle "EXT 2009"]
[Source "ChessBase"]
[SourceDate "2008.11.26"]
[SourceVersion "1"]
[SourceVersionDate "2008.11.26"]
[SourceQuality "1"]

1. d4 Nf6 2. c4 g6 3. Nc3 d5 4. Nf3 c6 5. cxd5 cxd5 6. Bf4 Nc6 7. e3 a6 8. Bd3 Bg7 9. 0-0 0-0 10. a3 Nh5 11. Bg3 Nxg3 12. hxg3 Rb8 13. b4 Bg4 14. Be2 e6 15. Rc1 Qd6 16. Qb3 b5 17. Rfd1 Rfc8 18. Ne1 Bxe2 19. Nxe2 Bf8 20. Nd3 a5 21. Nc5 axb4 22. axb4 Ra8 23. Nc3 Rcb8 24. Ra1 Rxa1 1/2-1/2

[Event "CZE-chT3A Middle 0506  "]
[Site "Czech Republic"]
[Date "2005.12.11"]
[Round "4.6"]
[White "Faraisl, Dusan"]
[Black "Hochman, Jan"]
[Result "1/2-1/2"]
[WhiteElo "1743"]
[BlackElo "1713"]
[PlyCount "57"]
[EventDate "2005.10.30"]
[EventType "team"]
[EventRounds "11"]
[EventCountry "CZE"]
[SourceTitle "EXT 2009"]
[Source "ChessBase"]
[SourceDate "2008.11.26"]
[SourceVersion "1"]
[SourceVersionDate "2008.11.26"]
[SourceQuality "1"]

1. e4 c6 2. Nf3 d5 3. exd5 cxd5 4. d4 Nf6 5. Ne5 a6 6. Nc3 Bf5 7. g3 e6 8. Bg2 Nc6 9. 0-0 Bd6 10. Nxc6 bxc6 11. Ne2 0-0 12. Be3 Qc7 13. Rc1 Qb7 14. b3 Rfc8 15. Nf4 Ba3 16. Rb1 Bb4 17. Nd3 Be4 18. f3 Bxd3 19. Qxd3 Bd6 20. f4 a5 21. Rfe1 Qd7 22. Re2 Rab8 23. c3 c5 24. dxc5 Bxc5 25. Bxc5 Rxc5 26. Qd4 Qc7 27. Rc2 h6 28. Rbc1 Rc8 29. Bf3 1/2-1/2

[Event "CZE-chT3A Middle 0506  "]
[Site "Czech Republic"]
[Date "2005.11.13"]
[Round "2.4"]
[White "Pankovic, Jan"]
[Black "Hochman, Jan"]
[Result "1-0"]
[WhiteElo "1968"]
[BlackElo "1713"]
[PlyCount "80"]
[EventDate "2005.10.30"]
[EventType "team"]
[EventRounds "11"]
[EventCountry "CZE"]
[SourceTitle "EXT 2009"]
[Source "ChessBase"]
[SourceDate "2008.11.26"]
[SourceVersion "1"]
[SourceVersionDate "2008.11.26"]
[SourceQuality "1"]

1. d4 d5 2. c4 c6 3. Nf3 Nf6 4. cxd5 cxd5 5. Nc3 Nc6 6. Bf4 Bf5 7. e3 e6 8. Bb5 Nd7 9. 0-0 Be7 10. Qa4 Qb6 11. a3 Rc8 12. Rfc1 0-0 13. b4 a6 14. Bf1 Qd8 15. b5 Nb6 16. Qd1 Na5 17. bxa6 bxa6 18. Bxa6 Ra8 19. Bb5 Nbc4 20. a4 Ba3 21. Ne5 Bxc1 22. Rxc1 Nxe5 23. Bxe5 Qe7 24. f3 Rfc8 25. e4 dxe4 26. Nxe4 Bxe4 27. fxe4 Qa3 28. Bf4 Rxc1 29. Bxc1 Qc3 30. Qd2 Qc7 31. Qf4 Qc3 32. d5 Rc8 33. Bd2 Qd4+ 34. Qe3 Qa1+ 35. Kf2 Qb2 36. Kg3 Nb3 37. Be1 Qe5+ 38. Qf4 Qa1 39. Bb4 exd5 40. exd5 Qc1 1-0